| 000 | 02906nam0a2200433 i 4500 | ||
|---|---|---|---|
| 001 | RU\NLR\BIBL_A\010700516 | ||
| 005 | 20260409065317.0 | ||
| 010 | _a9785815401402 | ||
| 010 |
_a978-5-8154-0286-7 _9500 |
||
| 021 |
_aRU _b2015-4143 _9252 |
||
| 035 | _a(NILC)RuMoRGB-007857931 | ||
| 035 | _a(NLR Aleph) 010700516 | ||
| 090 |
_a9720682 _c9720682 |
||
| 100 | _a20150317d2014 km y0rusy50 ca | ||
| 101 | 0 |
_arus _deng |
|
| 102 | _aRU | ||
| 105 | _aa|||z|||100yy | ||
| 200 | 1 |
_aКультура и искусство: поиски и открытия _eсборник научных статей [по материалам III (XLIV) всероссийской научно-практической конференции с международным участием, 25 апреля 2014 _fотв. ред.: к.филос.н., преп. Д. В. Думанский] |
|
| 210 |
_aКемерово _cИзд-во КемГУКИ _d2014 |
||
| 215 |
_a350, [1] с. _cил., табл., цв. ил. _d21 |
||
| 300 | _aВ надзаг.: М-во культуры Российской Федерации, Департамент образования и науки Кемеровской обл., ФГБУ ВПО "Кемеровский гос. ун-т культуры и искусств" | ||
| 300 | _aРез. на англ. яз. | ||
| 300 | _aНа обл.: В рамках Года культуры в РФ и к 45-летию Кемер. гос. ун-та культуры и искусств | ||
| 320 | _aБиблиогр. в конце ст. | ||
| 606 |
_aИскусство _jСъезды, совещания и т.п _9934834 _3RU\NLR\AUTH\6626297 |
||
| 606 |
_aКультура _jСъезды, совещания и т.п _91001665 _3RU\NLR\AUTH\6662244 |
||
| 606 |
_aОбщественные науки _jСборники _91112139 _3RU\NLR\AUTH\66119728 |
||
| 686 | 1 | _aЩ,0я431 | |
| 686 | 1 | _aЧ21я431 | |
| 686 | 1 | _aС.я43 | |
| 702 | 1 |
_aДуманский _bД. В. _gДмитрий Вячеславович _4340 |
|
| 711 | 1 | 2 |
_a"Культура и искусство: поиски и открытия", всероссийская научно-практическая конференция с международным участием _d3 _eКемерово _f2014 _9455361 _3RU\NLR\AUTH\880394623 |
| 712 | 0 | 2 |
_4570 _aКемеровский государственный университет культуры и искусств _9666907 _3RU\NLR\AUTH\8810082364 |
| 801 | 0 |
_aRU _bРГБ _c20150202 _gRCR |
|
| 801 | 1 |
_aRU _bРГБ _c20150202 _2rusmarc |
|
| 942 | _cBOOK | ||
| 980 | _aNBR | ||